La Turquie en 50 images - Statistiques

Statistiques générales
  • Ce quiz a été pris 156 fois
  • Le résultat moyen est 30 sur 50
Statistiques - réponses
Par images Hint Réponse % Correct
Capitale Ankara
99%
Langue Turc
99%
Ville Istanbul
97%
Plat Kebab
96%
Empire Empire ottoman
95%
Président Recep Tayyip Erdoğan
94%
Pays ayant la plus grande diaspora turque Allemagne
92%
Religion majoritaire Islam
92%
Club omnisports Galatasaray
82%
Homme politique Mustafa Kemal Atatürk
82%
Mosquée Sainte-Sophie
81%
Île à moitié occupée par le pays Chypre
80%
Mer Mer Noire
80%
Peuple Kurdes
79%
Nom précédent de cette dernière Constantinople
78%
Compagnie aérienne nationale Turkish Airlines
78%
Bains Hammams / bains turcs
75%
Club omnisports Fenerbahçe
72%
Revêtement de sol Tapis
71%
Club omnisports Beşiktaş
70%
Ville Izmir
68%
Confiserie Loukoum
68%
Fleur nationale Tulipe
68%
Monnaie Livre turque
66%
Fruit sec dont le pays est le premier producteur mondial Noisette
65%
Alcool Rakı
61%
Région Cappadoce
58%
Mosquée Mosquée bleue
58%
Détroit Bosphore
57%
Ville Antalya
56%
Plat Menemen
55%
Péninsule Anatolie
50%
Amulette Nazar boncuk
50%
Ville Adana
49%
Train Orient-Express
48%
Marché stambouliote Grand bazar
45%
Viande Kefta
42%
Mer Mer de Marmara
40%
Sultan Soliman le Magnifique
40%
Cité antique Troie
38%
Détroit Détroit des Dardanelles
36%
Ville Bursa
34%
Couvre-chef Fez
28%
Palais Palais de Topkapı
28%
Région géographique Caucase
24%
Footballeur Hakan Şükür
24%
Merveille du monde antique Mausolée d'Halicarnasse
19%
Merveille du monde antique Temple d'Artémis
19%
Homme politique Ismail Enver
13%
Chaîne de montagnes Monts Taurus
9%
Aucun quiz correspondant
Distribution des résultats
% des personnes avec chaque résultat
Percentile par nombre de réponses
Votre historique - résultats
Vous n’avez pas pris ce quiz